লৌহকপাট / (Record no. 44756)
[ view plain ]
| 000 -LEADER | |
|---|---|
| fixed length control field | 00820nam a2200241 a 4500 |
| 001 - CONTROL NUMBER | |
| control field | 44756 |
| 003 - CONTROL NUMBER IDENTIFIER | |
| rucl marc code | BD-RjUL |
| 005 - DATE AND TIME OF LATEST TRANSACTION | |
| control field | 20211209053919.0 |
| 008 - FIXED-LENGTH DATA ELEMENTS--GENERAL INFORMATION | |
| fixed length control field | 160720s1967 pk ||||| |||| 00| f ben d |
| 020 ## - INTERNATIONAL STANDARD BOOK NUMBER | |
| Terms of availability | : PRs. 7.50 |
| 035 ## - SYSTEM CONTROL NUMBER | |
| System control number | (BD-RjUL)44874 |
| 040 ## - CATALOGING SOURCE | |
| Original cataloging agency | BD-RjUL |
| Language of cataloging | ben |
| Transcribing agency | BD-RjUL |
| 041 ## - LANGUAGE CODE | |
| Language code of text/sound track or separate title | ben |
| 082 ## - DEWEY DECIMAL CLASSIFICATION NUMBER | |
| Edition number | 23 |
| Classification number | 891.443 |
| Author mark and year | JAL 1967 |
| 100 1# - MAIN ENTRY--PERSONAL NAME | |
| Personal name | জরাসন্ধ |
| 9 (RLIN) | 119755 |
| 245 10 - TITLE STATEMENT | |
| Title | লৌহকপাট / |
| Statement of responsibility, etc. | জরাসন্ধ |
| 260 ## - PUBLICATION, DISTRIBUTION, ETC. (IMPRINT) | |
| Place of publication, distribution, etc. | ঢাকা : |
| Name of publisher, distributor, etc. | রুহুল আমীন নিজামী, |
| Date of publication, distribution, etc. | [১৯৬৭] |
| 300 ## - PHYSICAL DESCRIPTION | |
| Pagination | পর্ব ; |
| Size | ২১ সেমি. |
| 505 0# - FORMATTED CONTENTS NOTE | |
| Formatted contents note | পর্ব (১-২ একত্রে) -- পর্ব (৩-৪ একত্রে) |
| 650 ## - SUBJECT ADDED ENTRY--TOPICAL TERM | |
| Topical term or geographic name as entry element | বাংলা উপন্যাস |
| 9 (RLIN) | 137216 |
| Topical term or geographic name as entry element | Bengali Fiction |
| 9 (RLIN) | 137217 |
| 942 ## - ADDED ENTRY ELEMENTS (KOHA) | |
| Source of classification or shelving scheme | Dewey Decimal Classification |
| Koha item type | Books |
| Lost status | Source of classification or shelving scheme | Damaged status | Not for loan | Collection code | Permanent Location | Current Location | Shelving location | Date acquired | Cost, normal purchase price | Total Checkouts | Full call number | Date last seen | Copy number | Koha item type | Source of acquisition |
|---|---|---|---|---|---|---|---|---|---|---|---|---|---|---|---|
| Dewey Decimal Classification | Fiction | Central Library, University of Rajshahi | Central Library, University of Rajshahi | 02/02/1967 | 7.50 | B 891.443 JAL Pt.(3-4) 1967 | 20/07/2016 | C-2 | Books | ||||||
| Dewey Decimal Classification | Fiction | Central Library, University of Rajshahi | Central Library, University of Rajshahi | 02/02/1967 | 7.50 | B 891.443 JAL Pt.(1-2) 1967 | 26/04/2017 | C-2 | Books | N/A |